Scripture on stone / (Record no. 14847)

MARC details
000 -LEADER
fixed length control field 00787nam a22002297a 4500
005 - DATE AND TIME OF LATEST TRANSACTION
control field 20080811141834.0
008 - FIXED-LENGTH DATA ELEMENTS--GENERAL INFORMATION
fixed length control field 080811t xxu||||| |||| 00| p eng d
010 ## - LIBRARY OF CONGRESS CONTROL NUMBER
LC control number ENG-90725
020 ## - INTERNATIONAL STANDARD BOOK NUMBER
Terms of availability 95.00
International Standard Book Number 8184350198
035 ## - SYSTEM CONTROL NUMBER
System control number EN-74258
037 ## - SOURCE OF ACQUISITION
Source of stock number/acquisition DBAD / PUB
040 ## - CATALOGING SOURCE
Original cataloging agency DPL
Language of cataloging ENGLISH
082 ## - DEWEY DECIMAL CLASSIFICATION NUMBER
Classification number 881
100 ## - MAIN ENTRY--PERSONAL NAME
Personal name Charu Sheel Singh
245 ## - TITLE STATEMENT
Title Scripture on stone /
Statement of responsibility, etc by Charu Sheel Singh
260 ## - PUBLICATION, DISTRIBUTION, ETC. (IMPRINT)
Place of publication, distribution, etc New Delhi
Name of publisher, distributor, etc Adhyayan Publishers & Distributors
Date of publication, distribution, etc 2007
300 ## - PHYSICAL DESCRIPTION
Extent viii, 108p.
Dimensions 22 cm.(pbk)
600 ## - SUBJECT ADDED ENTRY--PERSONAL NAME
Personal name Charu Sheel Singh 1955-
650 ## - SUBJECT ADDED ENTRY--TOPICAL TERM
Topical term or geographic name as entry element English poetry
Chronological subdivision Criticism and interpretation
942 ## - ADDED ENTRY ELEMENTS (KOHA)
Source of classification or shelving scheme Dewey Decimal Classification
Koha item type English Books
Classification part 881
Call number suffix CHA
Holdings
Withdrawn status Lost status Damaged status Not for loan Collection code Home library Current library Date acquired Source of acquisition Cost, normal purchase price Total Checkouts Full call number Barcode Date last seen Cost, replacement price Price effective from Koha item type
      Not For Loan Non-fiction D.B.Act.Division D.B.Act.Division 14/08/2008 DBAD / PUB 95.00   881 CHA EN-74258 15/09/2008 95.00 15/09/2008 English Books

© Delhi Public Library
Hit Counter
free hit counter